000 00678nam a2200229Ia 4500
005 20220624155457.0
008 210716s2012 xx 000 0 und d
020 _a9788173717604
040 _cAIMIT LIBRARY
041 _aeng
082 _a511.5
_21
_bPIRS
100 _aPirzada, S.
_945078
245 _aIntroduction to graph theory /
_cBy S Pirzada.
250 _a1st ed.
260 _aHyderabad :
_bUniversities Press ,
_c2012.
300 _aviii,396p. ;
_c24 cm.
650 _aDegree sequences
_945079
650 _aEulerian and Hamiltonian graphs
_945080
650 _aMatchings and factors
_945088
700 _aRao, S B.
_945081
942 _2ddc
_cBK
_e1
_k511.5 PANP
999 _c192529
_d192529